North America capital quiz - Statistics

General Stats
  • This quiz has been taken 37 times
  • The average score is 15 of 21
Answer Stats
Hint Answer % Correct
Canada Ottawa
95%
Cuba Havana
90%
Mexico Mexico
90%
Panama Panama
90%
USA Washington DC
90%
Costa Rica San Jose
85%
El Salvador San Salvador
85%
Guatemala Guatemala
80%
Nicaragua Managua
75%
Dominican republic Santo Domingo
75%
Barbados Bridgetown
70%
Haiti Port au Prince
70%
Honduras Tegucigalpa
70%
Belize Belmopan
65%
Grenada St George
65%
St lucia Castries
55%
Trinidad and Tobago Port of Spain
55%
Antigua and Barbuda St Johns
55%
Dominica Roseau
50%
St Vincent&Greadinines Kingstown
45%
St Kitts&Nevis Basettere
40%
No matching quizzes found
Score Distribution
Percent of People with Each Score
Percentile by Number Answered
Your Score History
You have not taken this quiz